Indonesia industrial directory : 2006-2007.
| Format: | Book |
|---|---|
| Published: |
Jakarta Utara:
LOOK,
[2006].
|
| Edition: | 2006-2007. |
| Subjects: |
| LEADER | 00500cam a2200157 7i4500 | ||
|---|---|---|---|
| 001 | 0000019253 | ||
| 005 | 20070515090000.0 | ||
| 090 | 0 | 0 | |a INDO 338.7025 |b IND |
| 245 | 0 | 0 | |a Indonesia industrial directory : |b 2006-2007. |
| 250 | 0 | 0 | |a 2006-2007. |
| 260 | 0 | 0 | |a Jakarta Utara: |b LOOK, |c [2006]. |
| 300 | # | # | |a [v.p]. |
| 650 | 0 | 0 | |a Business -- |x Directories -- |z Indonesia |
| 650 | 0 | 0 | |a Industries -- |x Directories -- |z Indonesia |
| 651 | 0 | 0 | |a Indonesia |
| 999 | |a 0000019763 |b Directories |c Countries |e Business Information Centre | ||